000 00478nam a2200181Ia 4500
001 9834
005 20260306161747.0
008 260306t2017||||xx |||||||||||||| ||spa||
041 _aESP
082 _a467.985
_bA77
100 _aArrizabalaga, Carlos,
_eAUT
245 0 _aLingüística peruana :
_bintroducción bibliográfica a los estudios sobre el castellano en el Perú
260 _c2017
300 _a
_c
650 _aGEN
654 _aCHU
942 _cLIB
_dJUS
_fJUS
_2ddc
_n
999 _c9834
_d9834